| 000 | 01104nam a2200289 c 4500 | ||
|---|---|---|---|
| 999 |
_c59827 _d59827 |
||
| 003 | BLK | ||
| 005 | 20220525132115.0 | ||
| 008 | 180408b bul|||||r ||||||| ||bul|| | ||
| 010 | _aKNG00063954000 | ||
| 040 | _aBLK | ||
| 041 |
_aBUL _cBUL |
||
| 080 |
_aНагряване. Термична обработка на металите _b621.78 _x(075.8) _z621.78(075.8) |
||
| 100 | 1 |
_aБучков, Димитър Тодоров _eпърви автор _9265892 |
|
| 139 |
_aБучков, Димитър Тодоров _bБ 90 |
||
| 245 | 1 | 0 |
_aТермична обработка на металите _bУчебник за студентите от ВТУЗ _cДимитър Тодоров Бучков. |
| 257 | _aBGR | ||
| 260 |
_bТехника _c1980 _aСофия |
||
| 300 |
_a259 с. _bс ил. _c22 см |
||
| 380 | _a62 | ||
| 650 | 4 |
_aМеталообработка - учебници _9243901 |
|
| 653 | _aметалообработване | ||
| 852 |
_aЦб 103745 _bЦб |
||
| 856 | 4 | _qpdf | |
| 856 | 4 | _qpdf | |
| 942 |
_cKNG _n0 _s1 |
||
| 944 |
_aCR _c13.06.2004 _kНаталия_Медовщикова |
||
| 944 |
_aED _c21.04.2009 |
||
| 944 |
_aED _c2022-05-25 |
||
| 999 | _d59827 | ||